Carregant...

Investigation on foot disorders of captive asian elephants

Dades bibliogràfiques
Autors principals: P B Giridas, P C Alex
Format: Ph.D Thesis
Idioma:Undetermined
Publicat: College of veterinary and animal sciences 2011
Mannuthy
Edició:MVSC
Matèries:
LEADER 00744nam a2200253Ia 4500
008 141122s9999 xx 000 0 und d
040 |c . 
041 |a English 
082 |a 636.0896 
082 |b GIR/IN 
100 |a P B Giridas 
100 |a P C Alex 
245 |a Investigation on foot disorders of captive asian elephants 
245 |c P B Giridas 
250 |a MVSC  
260 |b College of veterinary and animal sciences 
260 |b Mannuthy 
260 |c 2011 
300 |a 95 Pages 
500 |a Reference 
650 |a Clinical medicine 
942 |c TH 
999 |c 9170  |d 9170 
952 |0 0  |1 0  |4 0  |6 636_089600000000000_GIRIN  |7 0  |9 9128  |a COVAS  |b COVAS  |d 0000-00-00  |o 636.0896 GIR/IN  |p TH1094   |r 2014-11-26  |w 2014-11-26  |y TH